000 00217nam a22001097a 4500
100 _aLudluw, Robert
245 _aThe Bancrott Strategy
250 _a2014
260 _bOrion Books
300 _a184
942 _2ddc
_cBK
999 _c11791
_d11791